000 01402nam a2200349Ia 4500
001 ebr10404979
003 CaPaEBR
006 m u
007 cr cn|||||||||
008 100507s2010 inua sb 001 0 eng d
010 _z 2010019437
020 _z9781930538917
040 _aCaPaEBR
_cCaPaEBR
035 _a(OCoLC)663904091
050 1 4 _aRT42
_b.J64 2010eb
082 0 4 _a610.73
_222
245 0 0 _aJohns Hopkins nursing evidence-based practice
_h[electronic resource] :
_bimplementation and translation /
_cedited by Stephanie Poe and Kathleen White.
246 1 3 _aNursing evidence-based practice
260 _aIndianapolis, IN :
_bSigma Theta Tau International,
_cc2010.
300 _axix, 279 p. :
_bill.
504 _aIncludes bibliographical references and index.
533 _aElectronic reproduction.
_bPalo Alto, Calif. :
_cebrary,
_d2010.
_nAvailable via World Wide Web.
_nAccess may be limited to ebrary affiliated libraries.
650 0 _aEvidence-based nursing.
650 0 _aNursing
_xDecision making.
655 7 _aElectronic books.
_2local
700 1 _aWhite, Kathleen M.,
_d1940-
700 1 _aPoe, Stephanie.
710 2 _aSigma Theta Tau International.
710 2 _aJohns Hopkins University.
710 2 _aebrary, Inc.
856 4 0 _uhttp://site.ebrary.com/lib/rucke/Doc?id=10404979
_zAn electronic book accessible through the World Wide Web; click to view
999 _c82101
_d82101